| 000 | 00743nam a2200229 i 4500 | ||
|---|---|---|---|
| 001 | 180724 | ||
| 003 | ES-MaACL | ||
| 005 | 20250704062532.0 | ||
| 008 | 120702q1950 sp |||| | spa d | ||
| 080 | _a821.133.1-31"18" | ||
| 100 | 1 |
_aDumas, Alexandre, _d1802-1870 _eaut _9241135 |
|
| 245 | 1 | 3 |
_aEl caballero de Casa Roja / _cAlejandro Dumas ; versión española de J. Sirvent ; portada de Coll. |
| 260 |
_aBarcelona : _bEdiciones G.P., _c[ca. 1950] |
||
| 300 |
_a384 p. ; _c11 cm. |
||
| 490 | 1 |
_aEnciclopedia pulga ; _v41 |
|
| 700 | 1 |
_aSirvent, J. _9106686 |
|
| 700 | 1 |
_aColl, Alejandro. _939607 |
|
| 830 | 1 |
_aEnciclopedia pulga ; _v41 _9191296 |
|
| 852 | 4 |
_aES-MaACL _j2311-F-30 |
|
| 942 | _2udc | ||
| 999 |
_c180724 _d180724 |
||